Question bank in science : (Record no. 4225)

MARC details
000 -LEADER
fixed length control field 00750 a2200241 4500
010 ## - LCCN (DPL NO)
LC control number ENG-86202
020 ## - INTERNATIONAL STANDARD BOOK NUMBER
International Standard Book Number 0070635951
Terms of availability 275.00
020 ## - INTERNATIONAL STANDARD BOOK NUMBER
International Standard Book Number 9780070635951
035 ## - SYSTEM CONTROL NUMBER
System control number EN-69735
037 ## - SOURCE OF ACQUISITION
Source of stock number/acquisition D.B.Act / Pub
082 14 - DEWEY DECIMAL CLASSIFICATION NUMBER
Classification number 500
100 1# - MAIN ENTRY--PERSONAL NAME
Personal name Malhotra, Stalin
245 1# - TITLE STATEMENT
Title Question bank in science :
Statement of responsibility, etc by Stalin Malhotra, Prem Dhawan and Satish Arora
Remainder of title for class IX /
250 ## - EDITION STATEMENT
Edition statement 4th ed.
260 ## - PUBLICATION, DISTRIBUTION, ETC. (IMPRINT)
Place of publication, distribution, etc New Delhi
Name of publisher, distributor, etc Tata McGraw-Hill Publishing
Date of publication, distribution, etc c2007
270 ## - ADDRESS
Address 7, West Patel Nagar
City New Delhi
State or province Delhi
Postal code 110008
300 ## - PHYSICAL DESCRIPTION
Extent xii, 291 p.
Dimensions 24 cm. (Pbk)
490 ## - SERIES STATEMENT
Series statement Tata McGraw-Hill's question bank series
650 #0 - SUBJECT ADDED ENTRY--TOPICAL TERM
Topical term or geographic name as entry element Science
700 ## - ADDED ENTRY--PERSONAL NAME
Personal name Arora, Satish
700 ## - ADDED ENTRY--PERSONAL NAME
Personal name Dhawan, Prem
942 ## - ADDED ENTRY ELEMENTS (KOHA)
Institution code [OBSOLETE] dpl
Item type English Books
Source of classification or shelving scheme Dewey Decimal Classification
Classification part 500
Call number suffix MAL
Holdings
Withdrawn status Lost status Not for loan Collection code Home library Current library Source of acquisition Cost, normal purchase price Full call number Barcode Copy number Cost, replacement price Koha item type
    Not For Loan Non-fiction D.B.Act.Division D.B.Act.Division DBAD/PUB 275.00 500 MAL EN-69735 1 275.00 English Books

© Delhi Public Library
Hit Counter
free hit counter